000 00541nam a2200181 i 4500
001 28948
003 ES-MaACL
005 20230906153945.0
007 t|
008 030120s1968 sp ||||1| spa d
100 1 _aBalthasar, Hans Urs von.
_925129
245 1 3 _aEl corazón del mundo /
_cHans Urs von Balthasar ; [traducción de Víctor Bazterrica].
250 _a1ª ed.
260 _a[Barcelona] :
_bPenínsula,
_c[1968]
300 _a153 p. ;
_c19 cm.
700 1 _aBazterrica, Victor.
_926756
852 _aES-MaACL
_jC-50988
_bR.67820
999 _c28948
_d28948